| 000 | 01095nam a2200277Ia 4500 | ||
|---|---|---|---|
| 003 | OSt | ||
| 005 | 20220923211445.0 | ||
| 006 | a|||||r|||| 00| 0 | ||
| 007 | ta | ||
| 008 | 220922b |||||||| |||| 00| 0 hin d | ||
| 020 |
_a9789350640838 (hbk) _c350 |
||
| 024 | _a324,640 | ||
| 037 |
_b395, 12/03/2018, Eastern Book Linkers _cTextual |
||
| 040 |
_aARTS _cARTS _bhin |
||
| 041 |
_2hin _ahin |
||
| 082 | _aO152,3N09x, Q6 | ||
| 100 | _aशर्मा, मधु, संपा. | ||
| 245 | 0 | _aसुभद्रा कुमारी चौहान की सम्पूर्ण कहानियॉं | |
| 246 | _aSubhadrā kumārī chauhān kī sampūrṇa kahāniyaॉan | ||
| 260 |
_aदिल्ली _b राजपाल एण्ड सन्ज़ _c2016 |
||
| 300 |
_a272पृ. _ccm. |
||
| 650 |
_a हिन्दी साहित्य _9156264 |
||
| 650 | _aहिन्दी कहानी | ||
| 942 |
_hO152,3N09x, Q6 _cTEXL _2CC |
||
| 999 |
_c299731 _d299731 |
||